Individuo, sociedad y cultura: introducción a la psicología de los procesos culturales

Guardat en:
Dades bibliogràfiques
Autor principal: Riverso, Emanuele (Autor)
Format: Llibre
Idioma:espanyol
Publicat: Estella Verbo Divino 1974
Col·lecció:Hombre y sociedad, 1
Matèries:
Etiquetes: Afegir etiqueta
Sense etiquetes, Sigues el primer a etiquetar aquest registre!

MARC

LEADER 00000nam a2200000 a 4500
001 UCY7221
003 CL-VaPUC
008 950609e19740000SP |||||||||||||||||spa|d
082 0 4 |a 302  |b RIV  |2 21 
100 0 |a Riverso, Emanuele  |e author  |9 337560 
245 1 0 |a Individuo, sociedad y cultura: introducción a la psicología de los procesos culturales 
300 |a 260 p 
942 |c BK 
945 |d 19950609 00:00:00  |a mfernand 
260 |a Estella  |b Verbo Divino  |c 1974 
650 0 |a Psicología social   |9 222894 
650 0 |a Psicolingüística   |9 283371 
650 7 |a GRUPOS  |2 CL-VaPUC  |9 336429 
650 7 |a COMPORTAMIENTO DE GRUPO  |2 CL-VaPUC  |9 335588 
650 7 |a ESTRUCTURA SOCIAL  |2 CL-VaPUC  |9 337561 
650 0 |a Interacción social   |9 307764 
650 7 |a HOMBRE  |2 CL-VaPUC  |9 262149 
583 |a last modification  |c 19950609 00:00:00  |k Rodrigo Vera 
490 0 |a Hombre y sociedad, 1 
999 |c 234647  |d 234645 
952 |0 0  |1 0  |4 0  |6 302_000000000000000_RIV_1974  |7 0  |8 A  |9 241230  |a BIBEDU  |b BIBEDU  |d 2019-11-18  |i 1516574  |o 302 RIV 1974  |p 1516574  |r 2019-11-18  |w 2019-11-18  |y BK  |k EDU